| 000 | 01869cam a2200397 i 4500 | ||
|---|---|---|---|
| 001 | 193229 | ||
| 003 | SpMaBN | ||
| 005 | 20250728111243.0 | ||
| 007 | ta | ||
| 008 | 100811s2010 sp a | |||| 000 0 spa | ||
| 017 |
_aM 33305-2010 _bOficina Depósito Legal Madrid |
||
| 020 | _a9788499460352 | ||
| 035 | _aa4806291 | ||
| 040 |
_aSpMaBN _bspa _cSpMaBN _erdc |
||
| 080 | _a001:1 | ||
| 080 | _a215 | ||
| 100 | 1 |
_aRuiz, Matilde _0XX4992792 _9234347 _eaut |
|
| 245 | 1 | 0 |
_aFilosofía, religión y ciencia : _bla Tierra, el planeta de la vida, nuestro planeta azul / _c[M. Ruiz] |
| 250 | _aPrimera edición, agosto 2010 | ||
| 260 |
_aMadrid : _bEdición Personal, _c2010 |
||
| 300 |
_a180 páginas ; _c23 cm |
||
| 336 |
_2rdacontent _aTexto |
||
| 337 |
_2rdamedia _asin mediación |
||
| 338 |
_2rdacarrier _avolumen |
||
| 500 | _aÍndice | ||
| 520 | _aPara los amantes de la Naturaleza, de su poder y de sus recursos, la vida toda se encuentra oculta o manifiesta en sus fuentes, ríos, mares, montañas y en toda su biosfera. Por ello la Ciencia es su estudio sin traspasar los límites de su inmensidad y sin explotar sus recursos hasta el punto de atentar gravemente contra la vida. La ecología debe ser un estudio y una forma de armonizar todos los ecosistemas. | ||
| 650 | 4 |
_aCiencia- _xFilosofía _2embne _910950 |
|
| 650 | 7 |
_aReligión y ciencia _2embne _916806 |
|
| 852 |
_aES-MaACL _bR. 154628 _cDEPOJ _9200651 _gDedicatoria autógrafa de la autora _hDonación: Matilde Ruiz _xEncuadernación rústica con solapas |
||
| 903 |
_9234347 _aRuiz, Matilde _ednr |
||
| 942 |
_n0 _cMONOGRAFIA |
||
| 999 |
_c193229 _d193229 |
||